Normal view
MARC view
Entry Topical Term
001 - CONTROL NUMBER
- control field: 78953
003 - CONTROL NUMBER IDENTIFIER
- control field: dpl
005 - DATE AND TIME OF LATEST TRANSACTION
- control field: 20250301112912.0
008 - FIXED-LENGTH DATA ELEMENTS
- fixed length control field: 250301|| aca||aabn | a|a d
040 ## - CATALOGING SOURCE
- Original cataloging agency: dpl
- Transcribing agency: dpl
150 ## - HEADING--TOPICAL TERM
- General subdivision:
- Geographic subdivision:
670 ## - SOURCE DATA FOUND
- Source citation: Work cat.: (dpl)209876: अहीर, राजीव 78952, आधुनिक भारत का इतिहास/, 2024
